[Event "1MCRE_F"]
[Site "?"]
[Date "2001.??.??"]
[Round "?"]
[White "Priesol, Daniel"]
[Black "Macka, Miroslav"]
[Result "1-0"]
[WhiteElo "2285"]
[BlackElo "2270"]
[PlyCount "117"]
[EventDate "2001.??.??"]
[EventType "corr"]

1. e4 c5 2. Nf3 d6 3. d4 cxd4 4. Nxd4 Nf6 5. Nc3 a6 6. Bg5 Nc6 7. Qd2 Qb6 8.
Nb3 e6 9. O-O-O Be7 10. f3 Qc7 11. Kb1 h6 12. Be3 b5 13. Qf2 Bb7 14. Bb6 Qb8
15. h4 Nd7 16. Be3 Qc7 17. Qg3 Rh7 18. Nc5 Nxc5 19. Bxc5 b4 20. Ne2 Rd8 21. Nc1
Rd7 22. Bf2 Bf6 23. f4 e5 24. Nd3 a5 25. Be2 a4 26. fxe5 Bxe5 27. Nxe5 Nxe5 28.
Bb5 Bc6 29. Bxc6 Qxc6 30. Bd4 Qb5 31. Rhf1 g6 32. Rf2 h5 33. Rf6 Qe2 34. Re1
Qb5 35. b3 axb3 36. axb3 Qb8 37. Qg5 Qb5 38. Bb2 Qb8 39. Ref1 Qc7 40. Bxe5 dxe5
41. Ra6 Qd8 42. Qxe5+ Kf8 43. Rxg6 Rd1+ 44. Kb2 Qd4+ 45. Qxd4 Rxd4 46. Rf4 Rg7
47. Rxg7 Kxg7 48. g4 hxg4 49. Rxg4+ Kh6 50. Rf4 Kg6 51. h5+ Kxh5 52. Rxf7 Rxe4
53. Rc7 Re6 54. Rc4 Rb6 55. c3 bxc3+ 56. Kxc3 Kg5 57. Re4 Kf6 58. b4 Rb8 59.
Re1 1-0

[Event "1MCRE_F"]
[Site "?"]
[Date "2001.??.??"]
[Round "?"]
[White "Vrkoc, David"]
[Black "Lounek, Jan"]
[Result "1/2-1/2"]
[WhiteElo "2335"]
[BlackElo "2245"]
[PlyCount "94"]
[EventDate "2001.??.??"]
[EventType "corr"]

1. c4 e5 2. g3 Nf6 3. Nc3 Bb4 4. Bg2 O-O 5. Nf3 Nc6 6. O-O e4 7. Ng5 Bxc3 8.
bxc3 Re8 9. Qc2 Qe7 10. d3 exd3 11. exd3 h6 12. Ne4 d6 13. Bf4 Bf5 14. Nxf6+
Qxf6 15. Rab1 Rab8 16. Rfe1 Rxe1+ 17. Rxe1 Ne5 18. Bxe5 dxe5 19. Qe2 Qd6 20.
Qe3 Qxd3 21. Qxe5 Qd7 22. h4 b6 23. Bf3 Rc8 24. c5 Be6 25. a3 Qd2 26. g4 Qa2
27. Bb7 Re8 28. Qxc7 Qd2 29. Qe5 bxc5 30. Qe3 Qb2 31. Be4 Qxa3 32. Bc2 g6 33.
Qd2 Bd7 34. Rxe8+ Bxe8 35. h5 Qa1+ 36. Kg2 Qa6 37. hxg6 fxg6 38. Bd1 Qb7+ 39.
Bf3 Bc6 40. Bxc6 Qxc6+ 41. f3 Kh7 42. Qd8 Qb7 43. c4 a6 44. Qa5 Qa7 45. Kf2 Kg7
46. Qc3+ Kg8 47. Qa5 Kf7 1/2-1/2

[Event "1MCRE_F"]
[Site "?"]
[Date "2001.??.??"]
[Round "?"]
[White "Geryk, Miroslav"]
[Black "Vrkoc, David"]
[Result "0-1"]
[WhiteElo "2225"]
[BlackElo "2335"]
[PlyCount "90"]
[EventDate "2001.??.??"]
[EventType "corr"]

1. e4 c5 2. Nf3 d6 3. d4 cxd4 4. Nxd4 Nf6 5. Nc3 a6 6. Be3 e5 7. Nb3 Be6 8. f3
Be7 9. Qd2 Nbd7 10. g4 h6 11. O-O-O b5 12. h4 Nb6 13. Qf2 Nfd7 14. Kb1 Rc8 15.
Nd5 Bxd5 16. exd5 Nc4 17. Bc1 Qb6 18. Qe1 a5 19. Bxc4 bxc4 20. Nxa5 c3 21. Nc6
cxb2 22. Bxb2 Nc5 23. Qa5 Qxa5 24. Nxa5 h5 25. g5 f6 26. g6 Na4 27. Nc6 Nb6 28.
f4 Nxd5 29. Nxe5 Nxf4 30. Nf7 O-O 31. Nxd6 Rc5 32. Ne4 Rb5 33. Nc3 Rb7 34. a4
Nxg6 35. Nb5 Ra8 36. Rd4 f5 37. Kc1 Bc5 38. Rc4 Be3+ 39. Kb1 f4 40. Bd4 Re7 41.
Kb2 Re4 42. Kb3 f3 43. c3 Bxd4 44. Rxd4 Re2 45. Rf1 f2 0-1

[Event "1MCRE_F"]
[Site "?"]
[Date "2001.??.??"]
[Round "?"]
[White "Geryk, Miroslav"]
[Black "Zpevakova, Katerina"]
[Result "0-1"]
[WhiteElo "2225"]
[BlackElo "2325"]
[PlyCount "78"]
[EventDate "2001.??.??"]
[EventType "corr"]

1. e4 c5 2. Nf3 e6 3. d4 cxd4 4. Nxd4 a6 5. Bd3 Nf6 6. O-O Qc7 7. Qe2 d6 8. Nc3
g6 9. Be3 Bg7 10. Rad1 O-O 11. a4 b6 12. Qf3 Bb7 13. Qg3 Nbd7 14. Qh4 d5 15.
exd5 Nxd5 16. Nxd5 Bxd5 17. b3 Nc5 18. c4 Bb7 19. Bc2 e5 20. Ne2 f5 21. Nc3 Bf6
22. Qh3 Rad8 23. Nd5 Bxd5 24. cxd5 a5 25. g4 Nxa4 26. Bxf5 Nc3 27. Be6+ Kh8 28.
g5 Be7 29. Rd3 Ne2+ 30. Kh1 Nf4 31. Bxf4 Rxf4 32. Rc3 Bc5 33. Rf3 Rdf8 34. Rxf4
Rxf4 35. Qc3 Qg7 36. Qg3 h6 37. Rc1 Kh7 38. Rc2 Qf8 39. Kg2 hxg5 0-1

[Event "1MCRE_F"]
[Site "?"]
[Date "2001.??.??"]
[Round "?"]
[White "Pfeifer, Miroslav"]
[Black "Hybl, Vladislav"]
[Result "1-0"]
[WhiteElo "2310"]
[BlackElo "2305"]
[PlyCount "105"]
[EventDate "2001.??.??"]
[EventType "corr"]

1. e4 e5 2. d4 exd4 3. Qxd4 Nc6 4. Qe3 Nf6 5. Nc3 Bb4 6. Bd2 O-O 7. O-O-O d6 8.
Qg3 Ne5 9. f3 Be6 10. h4 Nh5 11. Qh2 Re8 12. g4 Nf6 13. h5 Nexg4 14. fxg4 Bxg4
15. Be2 Bxc3 16. Bxc3 Nxe4 17. Bd2 Nxd2 18. Rxd2 Bxe2 19. Nxe2 Re5 20. Qg2 c6
21. Rg1 Qf8 22. Nf4 h6 23. Qh2 Rae8 24. Qh4 Qe7 25. Qxe7 R8xe7 26. Rxd6 Rg5 27.
Rh1 Kh7 28. Kd2 Rf5 29. Nd3 g6 30. hxg6+ fxg6 31. Re1 Rxe1 32. Rd7+ Kg8 33.
Kxe1 Rf7 34. Rxf7 Kxf7 35. a4 g5 36. Kf2 h5 37. a5 Kf6 38. Nc5 b5 39. axb6 axb6
40. Nd7+ Kf5 41. Nxb6 h4 42. Nc4 c5 43. Nd2 g4 44. Nb3 c4 45. Na5 c3 46. b4 Ke4
47. Nc4 Kd4 48. b5 Kc5 49. b6 g3+ 50. Kg2 Kc6 51. Kh3 Kb7 52. Ne3 Kxb6 53. Kxh4
1-0

[Event "1MCRE_F"]
[Site "?"]
[Date "2001.??.??"]
[Round "?"]
[White "Lounek, Jan"]
[Black "Nemec, Jaroslav"]
[Result "0-1"]
[WhiteElo "2245"]
[BlackElo "2340"]
[PlyCount "116"]
[EventDate "2001.??.??"]
[EventType "corr"]

1. e4 c5 2. Nf3 d6 3. d4 cxd4 4. Nxd4 Nf6 5. Nc3 a6 6. Bg5 e6 7. f4 Qb6 8. Nb3
Nbd7 9. Qf3 Be7 10. Be2 Qc7 11. a4 h6 12. Qh3 Nc5 13. Nd2 b6 14. Bf3 Bb7 15.
Bh4 O-O 16. O-O b5 17. axb5 axb5 18. Kh1 Rxa1 19. Rxa1 Ncd7 20. Rc1 b4 21. Nd1
e5 22. f5 Nc5 23. c3 Qa5 24. Qg3 Rb8 25. h3 Ba8 26. Ne3 bxc3 27. bxc3 Qa3 28.
Rc2 Rb2 29. Rxb2 Qxb2 30. Qe1 Qxc3 31. Nec4 Bb7 32. Qe3 Qb4 33. Bxf6 Bxf6 34.
Qa3 Qxa3 35. Nxa3 Bg5 36. Nac4 Ba6 37. h4 Bf4 38. g3 Bxg3 39. Nxd6 Bxh4 40. Bh5
Bg5 41. Nb3 Nb7 42. Bxf7+ Kf8 43. Nxb7 Bxb7 44. Nc5 Bxe4+ 45. Nxe4 Kxf7 46. Kg2
Bf6 47. Kf3 h5 48. Nd6+ Ke7 49. Ne4 Kd7 50. Nf2 Bh4 51. Ne4 Kc6 52. Nc3 Bf6 53.
Ke4 h4 54. Kf3 Kc5 55. Ne2 Kc4 56. Ke4 h3 57. Ng3 h2 58. Nh1 Kc3 0-1

[Event "1MCRE_F"]
[Site "?"]
[Date "2001.??.??"]
[Round "?"]
[White "Nemec, Jaroslav"]
[Black "Alexa, Jaroslav"]
[Result "1/2-1/2"]
[WhiteElo "2340"]
[BlackElo "2380"]
[PlyCount "137"]
[EventDate "2001.??.??"]
[EventType "corr"]

1. e4 c5 2. Nf3 d6 3. d4 cxd4 4. Nxd4 Nf6 5. Nc3 a6 6. Be3 e6 7. f3 b5 8. a3
Be7 9. Qd2 Bb7 10. g4 Nc6 11. Nxc6 Bxc6 12. h4 Nd7 13. O-O-O Rc8 14. g5 O-O 15.
h5 Ne5 16. f4 Ng4 17. Bh3 Nxe3 18. Qxe3 Rb8 19. Rhg1 Qb6 20. Qxb6 Rxb6 21. f5
exf5 22. exf5 Kh8 23. Rg3 Re8 24. Bg2 Bd8 25. g6 fxg6 26. hxg6 Bxg2 27. Rxg2
Re5 28. Rh2 h6 29. Rd5 Re8 30. Rh3 Rc6 31. Rhd3 Bg5+ 32. Kd1 Rc7 33. Rf3 Rce7
34. Rf1 Rd8 35. Re1 Rxe1+ 36. Kxe1 Bc1 37. b4 Bxa3 38. Na2 Kg8 39. Kd2 h5 40.
Rd3 Bb2 41. c3 Re8 42. Rxd6 Kf8 43. Rd4 Re5 44. Kc2 Re2+ 45. Kb3 Rh2 46. Rd7 h4
47. Rf7+ Kg8 48. Ra7 Kf8 49. Ra8+ Ke7 50. Rxa6 h3 51. f6+ gxf6 52. Ra8 Rg2 53.
Rh8 f5 54. Rxh3 Kf6 55. Re3 Rd2 56. g7 Kxg7 57. Re5 f4 58. Rf5 Ba1 59. Rxf4
Rb2+ 60. Ka3 Rb1 61. Rf2 Kg6 62. Rc2 Kf6 63. Nc1 Bb2+ 64. Rxb2 Rxc1 65. Kb3 Ke5
66. Rd2 Rh1 67. Rg2 Kd6 68. Rg6+ Kc7 69. Rg5 1/2-1/2

[Event "1MCRE_F"]
[Site "?"]
[Date "2001.??.??"]
[Round "?"]
[White "Zpevakova, Katerina"]
[Black "Bures, Jilji"]
[Result "1/2-1/2"]
[WhiteElo "2325"]
[BlackElo "2285"]
[PlyCount "81"]
[EventDate "2001.??.??"]
[EventType "corr"]

1. d4 d5 2. c4 e6 3. Nc3 Nf6 4. cxd5 exd5 5. Bg5 c6 6. e3 Nbd7 7. Bd3 Be7 8.
Qc2 O-O 9. Nge2 Re8 10. O-O-O Nf8 11. h3 a5 12. g4 b5 13. Ng3 a4 14. Kb1 Qa5
15. Nce2 Bd7 16. Nf5 Bxf5 17. Bxf5 Ra6 18. Bd3 a3 19. b3 Ne4 20. Bxe7 Rxe7 21.
Bxe4 Rxe4 22. Nf4 Nd7 23. Nd3 Re6 24. g5 Qd8 25. h4 Qe7 26. Rhg1 Rd6 27. Rg4
Ra8 28. Rc1 Rc8 29. Rgg1 Qe4 30. Nb4 Qe6 31. Nd3 Qe4 32. Nf4 f5 33. Ne2 g6 34.
Nc3 Qxc2+ 35. Kxc2 b4 36. Ne2 c5 37. dxc5 Nxc5 38. Kd1 Rdd8 39. f3 Ne6 40. Rxc8
Rxc8 41. Kd2 1/2-1/2

[Event "1MCRE_F"]
[Site "?"]
[Date "2001.??.??"]
[Round "?"]
[White "Doudera, Lubomir"]
[Black "Priesol, Daniel"]
[Result "0-1"]
[WhiteElo "2260"]
[BlackElo "2285"]
[PlyCount "98"]
[EventDate "2001.??.??"]
[EventType "corr"]

1. e4 e5 2. Nf3 Nf6 3. d4 Nxe4 4. Bd3 d5 5. Nxe5 Nd7 6. Nxd7 Bxd7 7. O-O Qh4 8.
c4 O-O-O 9. c5 g5 10. Be3 f5 11. f3 Nf6 12. Nc3 f4 13. Bf2 Qh6 14. h3 Qg7 15.
Re1 h5 16. Qd2 Re8 17. Rxe8+ Bxe8 18. Re1 Qf7 19. Bf5+ Bd7 20. Bxd7+ Qxd7 21.
h4 Bh6 22. hxg5 Bxg5 23. Bg3 Qg7 24. Bxf4 Bxf4 25. Qxf4 c6 26. Re5 Rg8 27. Re2
Nd7 28. Qh4 Qh6 29. a4 Qg6 30. a5 a6 31. Kh2 Kb8 32. Qf4+ Ka7 33. Na4 Nf6 34.
Nb6 h4 35. b3 Nh5 36. Qg4 Qf7 37. Re7 Qf8 38. Qxh4 Qh6 39. Re2 Qg6 40. Kg1 Ng3
41. Re1 Qd3 42. Nc8+ Rxc8 43. Qxg3 Qxd4+ 44. Qf2 Qb4 45. Rb1 Re8 46. g4 Qxa5
47. b4 Qc7 48. Rd1 Rh8 49. b5 axb5 0-1

[Event "1MCRE_F"]
[Site "?"]
[Date "2001.??.??"]
[Round "?"]
[White "Doudera, Lubomir"]
[Black "Lounek, Jan"]
[Result "1/2-1/2"]
[WhiteElo "2260"]
[BlackElo "2245"]
[PlyCount "148"]
[EventDate "2001.??.??"]
[EventType "corr"]

1. e4 e5 2. Nf3 Nc6 3. Bc4 Nf6 4. Ng5 d5 5. exd5 Na5 6. Bb5+ c6 7. dxc6 bxc6 8.
Be2 h6 9. Nf3 e4 10. Ne5 Bd6 11. d4 exd3 12. Nxd3 O-O 13. b3 Re8 14. O-O Ne4
15. Bb2 Qh4 16. f4 Bc7 17. Bd4 Qd8 18. c3 Ba6 19. Ne5 Bb6 20. Bxa6 Nxc3 21.
Nxc3 Bxd4+ 22. Kh1 Bxc3 23. Rc1 Qxd1 24. Rfxd1 Bxe5 25. fxe5 Rab8 26. Rc5 Nb7
27. Rxc6 Rxe5 28. Rc7 Rd8 29. Rxd8+ Nxd8 30. Kg1 Ra5 31. Bd3 Ne6 32. Rc8+ Nf8
33. a4 Re5 34. b4 Re7 35. a5 g6 36. b5 Kg7 37. b6 axb6 38. axb6 Rb7 39. Rc6 Rd7
40. Bc4 Rd1+ 41. Kf2 Nd7 42. b7 Rb1 43. Rc7 Ne5 44. Bd5 Kf6 45. Ke3 Rb4 46. Rc8
Nd7 47. Bc6 Ke7 48. Bxd7 Rxb7 49. Bc6 Rb3+ 50. Kf4 Ke6 51. Re8+ Kd6 52. Bf3 Rb2
53. Ra8 Rb4+ 54. Ke3 Rb3+ 55. Kd4 Rb4+ 56. Kc3 Rb6 57. Re8 Kd7 58. Rh8 h5 59.
Bd5 Ke7 60. Rh7 Rf6 61. Kd4 Rf4+ 62. Ke3 Rf5 63. Bc4 Re5+ 64. Kd4 Rf5 65. g3
Kf8 66. Rh8+ Kg7 67. Re8 Rf2 68. Re2 Rf5 69. Re7 Rf2 70. h3 Rf3 71. Re3 Rxe3
72. Kxe3 f6 73. h4 g5 74. hxg5 fxg5 1/2-1/2

[Event "1MCRE_F"]
[Site "?"]
[Date "2001.??.??"]
[Round "?"]
[White "Vrkoc, David"]
[Black "Pfeifer, Miroslav"]
[Result "1-0"]
[WhiteElo "2335"]
[BlackElo "2310"]
[PlyCount "89"]
[EventDate "2001.??.??"]
[EventType "corr"]

1. e4 e5 2. f4 Nc6 3. Nf3 exf4 4. d4 d5 5. exd5 Qxd5 6. Nc3 Bb4 7. Be2 Nge7 8.
Bxf4 Qe4 9. Bd2 Bxc3 10. bxc3 Bf5 11. Rc1 O-O 12. O-O Rae8 13. Rb1 b6 14. Bb5
Rd8 15. Rf2 Bg4 16. Qf1 Bxf3 17. Rxf3 Qxc2 18. Bf4 Rd7 19. Re1 a6 20. Rxe7 Rxe7
21. Bxc6 Qxa2 22. Rf2 Qa5 23. Bd2 Rd8 24. c4 Qh5 25. Bb4 Re3 26. Rf5 Qe2 27.
Rxf7 Qxf1+ 28. Rxf1 h6 29. d5 a5 30. Bd2 Re2 31. Bc3 Re3 32. Rc1 Rb8 33. c5
bxc5 34. Bxa5 Re7 35. Rxc5 Rb1+ 36. Kf2 Rb2+ 37. Kf3 Rb3+ 38. Rc3 Rxc3+ 39.
Bxc3 Kf7 40. Bb4 Re5 41. Ba5 Re7 42. Kf4 Kg6 43. Bb7 Kf7 44. Bc8 Kf6 45. Bc3+
1-0

[Event "1MCRE_F"]
[Site "?"]
[Date "2001.??.??"]
[Round "?"]
[White "Alexa, Jaroslav"]
[Black "Zpevakova, Katerina"]
[Result "1/2-1/2"]
[WhiteElo "2380"]
[BlackElo "2325"]
[PlyCount "105"]
[EventDate "2001.??.??"]
[EventType "corr"]

1. d4 Nf6 2. c4 e6 3. Nf3 b6 4. g3 Ba6 5. b3 Bb4+ 6. Bd2 Be7 7. Bg2 c6 8. Bc3
d5 9. Ne5 Bb7 10. Nd2 O-O 11. O-O Nbd7 12. e4 a5 13. Nd3 dxe4 14. Nxe4 Qc7 15.
Qe2 c5 16. dxc5 Nxe4 17. Bxe4 Bxe4 18. Qxe4 Nxc5 19. Qg4 g6 20. Qd4 f6 21. Nxc5
Bxc5 22. Qe4 Qf7 23. Rad1 Rad8 24. Bd4 Bxd4 25. Rxd4 Qe7 26. Rfd1 e5 27. Rd5
Rfe8 28. Qd3 Rxd5 29. Qxd5+ Qe6 30. Qb5 Rc8 31. Qd7 Re8 32. Qc7 e4 33. Rd6 Qe5
34. Qxb6 e3 35. fxe3 Qa1+ 36. Kg2 Qxa2+ 37. Kh3 Rf8 38. e4 a4 39. bxa4 Qxc4 40.
Rxf6 Rxf6 41. Qxf6 Qxe4 42. Qd8+ Kg7 43. Qc7+ Kg8 44. Qc8+ Kg7 45. a5 Qe2 46.
Qc3+ Kg8 47. Qb3+ Kg7 48. Qb6 Qf1+ 49. Kh4 Qc4+ 50. g4 Qf4 51. Qb2+ Kh6 52. Qe2
Qf6+ 53. Kg3 1/2-1/2

[Event "1MCRE_F"]
[Site "?"]
[Date "2001.??.??"]
[Round "?"]
[White "Zpevakova, Katerina"]
[Black "Vrkoc, David"]
[Result "1-0"]
[WhiteElo "2325"]
[BlackElo "2335"]
[PlyCount "115"]
[EventDate "2001.??.??"]
[EventType "corr"]

1. d4 Nf6 2. c4 e6 3. Nc3 c5 4. d5 exd5 5. cxd5 d6 6. e4 g6 7. Nf3 Bg7 8. h3
O-O 9. Bd3 Re8 10. O-O Nbd7 11. Re1 a6 12. Bf4 Qc7 13. a4 Nh5 14. Bh2 Ne5 15.
Be2 Nxf3+ 16. Bxf3 Nf6 17. e5 dxe5 18. d6 Qb6 19. Bxe5 Bd7 20. a5 Qb4 21. Re2
Rad8 22. Bxf6 Bxf6 23. Nd5 Qh4 24. g3 Qd4 25. Rd2 Qe5 26. Nc7 Rf8 27. Bxb7 Bxh3
28. Nxa6 h5 29. Qe1 Rxd6 30. Qxe5 Bxe5 31. Rxd6 Bxd6 32. Rd1 Be7 33. Nc7 Bc8
34. Bxc8 Rxc8 35. Rd7 Bd6 36. Nb5 Be5 37. a6 Ra8 38. a7 Kg7 39. Na3 Bb8 40.
axb8=Q Rxb8 41. Nc4 Rb4 42. Nd6 Rxb2 43. Rxf7+ Kg8 44. Rc7 h4 45. gxh4 Rb4 46.
Rxc5 Rxh4 47. Rc7 Rd4 48. Nc4 Rd5 49. Kg2 Rg5+ 50. Kf3 Rf5+ 51. Ke3 Rf6 52. Ne5
Rf5 53. Re7 Rf6 54. Ng4 Ra6 55. Kf4 Kf8 56. Rb7 Ra5 57. Ne5 Kg8 58. f3 1-0

[Event "1MCRE_F"]
[Site "?"]
[Date "2001.??.??"]
[Round "?"]
[White "Macka, Miroslav"]
[Black "Pfeifer, Miroslav"]
[Result "1-0"]
[WhiteElo "2270"]
[BlackElo "2310"]
[PlyCount "123"]
[EventDate "2001.??.??"]
[EventType "corr"]

1. e4 e5 2. Nf3 Nc6 3. Bb5 f5 4. Nc3 fxe4 5. Nxe4 Nf6 6. Qe2 d5 7. Nxf6+ gxf6
8. d4 Bg7 9. dxe5 O-O 10. Bxc6 bxc6 11. e6 Re8 12. Be3 Bxe6 13. Nd4 Qd6 14. O-O
Bd7 15. Qd2 c5 16. Nb3 d4 17. Bf4 Qb6 18. c3 f5 19. Rfc1 Rac8 20. Re1 Bb5 21.
Rac1 Rxe1+ 22. Rxe1 Re8 23. Rxe8+ Bxe8 24. h3 Bb5 25. Bg3 d3 26. Qg5 Qf6 27.
Qe3 Qb6 28. Bf4 c4 29. Nd4 Bxd4 30. cxd4 Kf7 31. Qe5 Bd7 32. Qh8 Qg6 33. d5 c6
34. Qd8 Be8 35. Qc7+ Kg8 36. d6 Qf7 37. Qb8 Qd7 38. Kh2 a6 39. Kg1 Qe6 40. Bd2
Kf7 41. Bc3 Bd7 42. Qh8 h6 43. Qd4 Ke8 44. Kh2 Bc8 45. f3 Bd7 46. Kh1 Kf7 47.
Kg1 Ke8 48. h4 Kf7 49. h5 Ke8 50. Kh1 Bc8 51. Bb4 Kf7 52. Kh2 Bd7 53. Bd2 a5
54. Bc3 a4 55. a3 Bc8 56. Qg7+ Ke8 57. d7+ Bxd7 58. Qh8+ Kf7 59. Bb4 c5 60.
Bxc5 Qc6 61. Bb4 Be8 62. Kh1 1-0

[Event "1MCRE_F"]
[Site "?"]
[Date "2001.??.??"]
[Round "?"]
[White "Alexa, Jaroslav"]
[Black "Doudera, Lubomir"]
[Result "1-0"]
[WhiteElo "2380"]
[BlackElo "2260"]
[PlyCount "123"]
[EventDate "2001.??.??"]
[EventType "corr"]

1. d4 d5 2. c4 c6 3. Nf3 Nf6 4. Nc3 dxc4 5. a4 Bf5 6. Ne5 e6 7. f3 Bb4 8. e4
Bxe4 9. fxe4 Nxe4 10. Bd2 Qxd4 11. Nxe4 Qxe4+ 12. Qe2 Bxd2+ 13. Kxd2 Qd5+ 14.
Kc2 Na6 15. Nxc4 O-O 16. Qe5 Rab8 17. a5 f6 18. Qxd5 cxd5 19. Ne3 Rfc8+ 20. Kb1
Nc5 21. Ra3 d4 22. Nc4 Ne4 23. Bd3 Nf2 24. Rc1 Nxd3 25. Rxd3 e5 26. Rb3 Rd8 27.
Nd2 Rd7 28. Ne4 Kf7 29. Rc5 Kg6 30. Rcb5 d3 31. Kc1 Rd4 32. Nc3 Rbd8 33. Kd2 b6
34. axb6 axb6 35. R3b4 h5 36. Rxb6 Rxb4 37. Rxb4 f5 38. h3 Kf6 39. Rb6+ Kg5 40.
Rb5 Kf6 41. b4 e4 42. g3 Ke6 43. h4 Rd7 44. Rc5 Rd4 45. b5 Rb4 46. Nd1 g6 47.
Ne3 Kd6 48. Rc6+ Kd7 49. Kc3 Rxb5 50. Rxg6 Rc5+ 51. Kd2 Ra5 52. Rh6 Ra2+ 53.
Kc3 Rf2 54. Rf6 Re2 55. Nxf5 Re1 56. Rd6+ Kc7 57. Rd4 Kc6 58. Ng7 Kb5 59. Nxh5
Kc5 60. Nf4 Rc1+ 61. Kd2 Rc2+ 62. Ke3 1-0

[Event "1MCRE_F"]
[Site "?"]
[Date "2001.??.??"]
[Round "?"]
[White "Zpevakova, Katerina"]
[Black "Pytlik, Lesek"]
[Result "1-0"]
[WhiteElo "2325"]
[BlackElo "2260"]
[PlyCount "105"]
[EventDate "2001.??.??"]
[EventType "corr"]

1. d4 Nf6 2. c4 c5 3. d5 g6 4. Nc3 Bg7 5. e4 d6 6. Bd3 O-O 7. Nf3 Na6 8. h3 Nc7
9. O-O a6 10. a4 e6 11. Bg5 Rb8 12. a5 b5 13. axb6 Rxb6 14. Qd2 Qe8 15. dxe6
fxe6 16. e5 dxe5 17. Na4 e4 18. Nxb6 exf3 19. g3 e5 20. Nxc8 Qxc8 21. Kh2 Ne6
22. Bxf6 Bxf6 23. Be4 Ng5 24. Qd5+ Kh8 25. Bxf3 Qxh3+ 26. Kg1 Qc8 27. Bg2 Rd8
28. Qc6 Qxc6 29. Bxc6 e4 30. Rxa6 Rd2 31. Ra8+ Kg7 32. Ra7+ Kf8 33. Rb7 Bxb2
34. Rb1 Bd4 35. Rc7 Rb2 36. Rxb2 Bxb2 37. Kf1 Bd4 38. Ke2 Be5 39. Ra7 Bg7 40.
Bd5 Be5 41. Rd7 Bd4 42. Rc7 Ke8 43. Bg8 Kd8 44. Ra7 Nh3 45. Be6 Ng1+ 46. Kf1
Nf3 47. Bd5 Ng5 48. Ke2 Ke8 49. Bg8 h5 50. Bd5 Kf8 51. Rc7 Ke8 52. Rc6 Nh3 53.
Bxe4 1-0

[Event "1MCRE_F"]
[Site "?"]
[Date "2001.??.??"]
[Round "?"]
[White "Bures, Jilji"]
[Black "Nemec, Jaroslav"]
[Result "0-1"]
[WhiteElo "2285"]
[BlackElo "2340"]
[PlyCount "120"]
[EventDate "2001.??.??"]
[EventType "corr"]

1. e4 c5 2. Nf3 d6 3. d4 cxd4 4. Nxd4 Nf6 5. Nc3 a6 6. g3 g6 7. Bg2 Bg7 8. O-O
O-O 9. h3 Nc6 10. Be3 Qc7 11. Qd2 Rb8 12. Rad1 Bd7 13. g4 Rfc8 14. g5 Nh5 15.
Nd5 Qd8 16. c3 Nxd4 17. Bxd4 Bxd4 18. cxd4 b5 19. Rfe1 e6 20. Nb4 a5 21. Nd3
Rc4 22. Qe3 b4 23. Bf3 Ng7 24. Rc1 Bb5 25. Be2 Rbc8 26. f3 Rc2 27. Rxc2 Rxc2
28. Bd1 Bxd3 29. Bxc2 Bxc2 30. b3 d5 31. Re2 Bd1 32. Rd2 Bxf3 33. Qxf3 Qxg5+
34. Rg2 Qc1+ 35. Kh2 Qc7+ 36. e5 Nf5 37. Qd3 Qb6 38. Rd2 Qd8 39. Qe2 Qh4 40.
Qg4 Qe1 41. Qf4 h6 42. Rc2 g5 43. Qf3 Qa1 44. Qf2 Qxd4 45. Qxd4 Nxd4 46. Rc8+
Kg7 47. Kg2 Kg6 48. Kf2 Kf5 49. Rf8 Nb5 50. Rxf7+ Kxe5 51. Ke3 Nc3 52. Ra7 Nxa2
53. Rxa5 Nc1 54. Rb5 Nxb3 55. Rxb4 Nc5 56. Rb8 h5 57. Rh8 h4 58. Rg8 Ne4 59.
Rf8 Nf6 60. Rd8 Kf5 0-1

[Event "1MCRE_F"]
[Site "?"]
[Date "2001.??.??"]
[Round "?"]
[White "Makovsky, Petr"]
[Black "Vrkoc, David"]
[Result "1/2-1/2"]
[WhiteElo "2295"]
[BlackElo "2335"]
[PlyCount "151"]
[EventDate "2001.??.??"]
[EventType "corr"]

1. e4 c5 2. Nf3 d6 3. d4 cxd4 4. Nxd4 Nf6 5. Nc3 a6 6. Be2 e5 7. Nb3 Be7 8. O-O
O-O 9. Kh1 b6 10. Be3 Bb7 11. f3 Qc7 12. a4 Nc6 13. Nd5 Nxd5 14. exd5 Nb4 15.
c4 a5 16. f4 exf4 17. Bxf4 Bf6 18. Qd2 Rae8 19. Rac1 Re4 20. c5 bxc5 21. Nxc5
Rd4 22. Nb3 Rxd2 23. Rxc7 Rxe2 24. Rxb7 Rfe8 25. Bxd6 Nxd5 26. Bc5 Rxb2 27.
Nxa5 Ra2 28. Nc4 h6 29. Rd7 Nc3 30. Nd6 Ree2 31. Nxf7 Ne4 32. Bg1 Red2 33. Rxd2
Nxd2 34. Nxh6+ Kh7 35. Rxf6 gxf6 36. Nf5 Rxa4 37. h3 Ra1 38. Kh2 Nf1+ 39. Kh1
Nd2 40. Kh2 Kg6 41. Nh4+ Kf7 42. Bd4 Ra4 43. Bc3 Nf1+ 44. Kg1 Rxh4 45. Kxf1 Ke6
46. Bd2 Kd5 47. Kf2 Ke4 48. Kg3 Rh7 49. h4 Rd7 50. Bh6 f5 51. Kh3 Rb7 52. Bg5
Rb1 53. Bh6 Rh1+ 54. Kg3 Rf1 55. Kh2 f4 56. h5 Rb1 57. Bg7 Rb5 58. h6 Rh5+ 59.
Kg1 Kf5 60. Kf2 Kg4 61. Bf8 Rh1 62. Bg7 Rh2 63. Bf8 f3 64. Bd6 Rxg2+ 65. Kf1
Rd2 66. h7 Rd1+ 67. Kf2 Rh1 68. h8=Q Rxh8 69. Bc5 Rh2+ 70. Kf1 Rg2 71. Bb6 Rc2
72. Ba7 Rc1+ 73. Kf2 Rc8 74. Bd4 Rc2+ 75. Kf1 Kf4 76. Ba7 1/2-1/2

[Event "1MCRE_F"]
[Site "?"]
[Date "2001.??.??"]
[Round "?"]
[White "Zpevakova, Katerina"]
[Black "Lounek, Jan"]
[Result "1/2-1/2"]
[WhiteElo "2325"]
[BlackElo "2245"]
[PlyCount "161"]
[EventDate "2001.??.??"]
[EventType "corr"]

1. d4 Nf6 2. c4 e6 3. Nc3 Bb4 4. e3 O-O 5. Bd3 c5 6. Nf3 d5 7. O-O dxc4 8. Bxc4
Nbd7 9. Qe2 b6 10. d5 Bxc3 11. dxe6 Ba5 12. exd7 Qxd7 13. Rd1 Qe7 14. e4 Bb7
15. e5 Bxf3 16. gxf3 Rfe8 17. f4 Nd7 18. Be3 Nf8 19. Rd6 Qh4 20. Rad1 Rab8 21.
a3 Re7 22. Qf3 b5 23. Be2 c4 24. Qg3 Qxg3+ 25. hxg3 h6 26. Ra6 Bb6 27. Bxb6
Rxb6 28. Rxb6 axb6 29. Rd6 Rc7 30. f5 g6 31. Rxb6 Rc5 32. e6 Re5 33. Kf1 gxf5
34. e7 Rxe7 35. Rxb5 c3 36. bxc3 Ra7 37. Rb3 Ne6 38. c4 f4 39. gxf4 Nxf4 40. c5
Kg7 41. c6 Kf6 42. Bf3 Ke5 43. Ke1 Kd6 44. Kd2 Ne6 45. Rd3+ Ke7 46. Ke3 Nc5 47.
Rc3 Kd6 48. Kf4 Ra5 49. Kg4 Kc7 50. Kg3 Ne6 51. Rd3 Nc5 52. Re3 Ne6 53. Bg2
Rg5+ 54. Kh2 Rh5+ 55. Kg1 Rg5 56. Rf3 Kxc6 57. Rxf7+ Kd6 58. Rf3 Ra5 59. Kh2 h5
60. Rd3+ Ke5 61. Re3+ Kf6 62. Bc6 Rc5 63. Be8 h4 64. Re2 Nf4 65. Ra2 Ke7 66.
Ba4 Kd6 67. Bd1 Rd5 68. Bf3 Ra5 69. a4 Kc5 70. Bd1 Kd4 71. Rb2 Nd3 72. Rd2 Kc3
73. Rc2+ Kb4 74. Re2 Rg5 75. f3 Ka5 76. Re8 Rd5 77. Bb3 Rf5 78. Re3 Nf4 79. Re7
Nd3 80. Bd1 Nb2 81. Rd7 1/2-1/2

[Event "1MCRE_F"]
[Site "?"]
[Date "2001.??.??"]
[Round "?"]
[White "Vrkoc, David"]
[Black "Bures, Jilji"]
[Result "1-0"]
[WhiteElo "2335"]
[BlackElo "2285"]
[PlyCount "123"]
[EventDate "2001.??.??"]
[EventType "corr"]

1. e4 c5 2. Nf3 Nc6 3. d4 cxd4 4. Nxd4 Nf6 5. Nc3 e5 6. Ndb5 d6 7. Bg5 a6 8.
Na3 b5 9. Bxf6 gxf6 10. Nd5 Bg7 11. c4 f5 12. cxb5 Nd4 13. exf5 Bxf5 14. bxa6
Qa5+ 15. Nc3 O-O 16. Qa4 Qc5 17. Rc1 Rfb8 18. Ne2 Qd5 19. Nc3 Qe6 20. Bc4 Qh6
21. Rd1 Qf4 22. b3 Bg4 23. Rb1 Bf5 24. Rd1 Bg4 25. Rb1 Bf3 26. gxf3 Qxf3 27.
Rg1 Qxc3+ 28. Kf1 Qh3+ 29. Rg2 Nf3 30. Bd5 Nd2+ 31. Ke1 Nxb1 32. Nxb1 Ra7 33.
Nd2 Kh8 34. Rg3 Qxh2 35. Qg4 Qh6 36. Bb7 d5 37. b4 e4 38. Qg5 Qf6 39. Qxf6 Bxf6
40. b5 Be5 41. Rb3 Rbxb7 42. axb7 Rxb7 43. a4 Bc7 44. Nf1 Bb6 45. Ne3 Rd7 46.
Rb1 h5 47. Ra1 Ba5+ 48. Kf1 h4 49. Rd1 d4 50. Nc4 Bc7 51. b6 Bf4 52. Kg2 d3 53.
a5 Rd4 54. a6 Rxc4 55. Ra1 Rc8 56. a7 Ra8 57. b7 Rxa7 58. Rxa7 Kg7 59. Ra4 f5
60. Rd4 Kf6 61. f3 Be5 62. Kh3 1-0